| 000 | 00902nam a2200265 a 4500 | ||
|---|---|---|---|
| 001 | 589 | ||
| 003 | BR-CuiBMT | ||
| 005 | 20231109232251.0 | ||
| 008 | 231109s2011 dfb 000 0 por d | ||
| 020 | _a9788588652415 | ||
| 040 |
_aBR-CuiBMT _cBR-CuiBMT |
||
| 080 |
_22007 _a35.086:343.35 |
||
| 090 |
_a35.086:343.35 _bQ5 |
||
| 245 | 1 |
_aQuestões práticas sobre improbidade administrativa / _cEscola Superior do Ministério Público da União ; coordenadora, Samantha Chantal Dobrowolski. |
|
| 260 |
_aBrasília : _bESMPU, _c2011. |
||
| 300 |
_a326 p.: _c23 cm |
||
| 504 | _aInclui bibliografia. | ||
| 650 | _aResponsabilidade administrativa | ||
| 650 | _aImprobidade administrativa | ||
| 650 | _aEnriquecimento ilícito | ||
| 650 | _aDireito administrativo | ||
| 700 |
_4coord. _aDobrowolski, Samantha Chantal |
||
| 710 | _aEscola Superior do Ministério Público da União | ||
| 942 |
_2udc _cLV |
||
| 999 |
_c589 _d589 |
||